| 000 | 02233cac a2200289 a 4500 | ||
|---|---|---|---|
| 003 | CO-PeBPM | ||
| 005 | 20250520203538.0 | ||
| 007 | ta | ||
| 008 | 231129s1998||||ck ||||||||||||| ||spa|| | ||
| 020 | _a84893335 | ||
| 040 |
_aCO-PeBPM _bspa _cCO-PeBPM _erda |
||
| 041 | _aspa | ||
| 082 | 0 | 4 |
_a150.19582 S844d _222 |
| 100 | 1 | 0 |
_aStevens, John O. _eautor |
| 245 | 1 | 0 |
_aEl darse cuenta _b: Sentir imaginar vivenciar. Ejercicios y experimentos en terapia Guestaltica _c/ John O. Stevens; traducción de Martín Bruggendieca |
| 250 | _adecima novena reimpresión | ||
| 260 |
_aSantiago Chile _b: Cuatro Vientos _c, 1998 |
||
| 300 |
_a269 páginas _c24 centímetros |
||
| 500 | _aIncluye índice | ||
| 505 | _aIntroducción, cap.1 comunicación interior, cap.2 comunicación con otros, cap.3 al coordinador o líder del grupo, cap.4 viajes imaginarios, cap.5 pares, cap.6 parejas, cap.7 actividades de grupo, cap.8 arte, movimiento y sonido, cap.9 | ||
| 520 | _aEl darse cuenta es la obra en que John O. Stevens, eminente terapeuta gestáltico norteamericano, nos entrega su valiosa experiencia y nos va enseñando, paso a paso, la forma en que podemos, precisamente, llegar a sentir, imaginar, vivenciar y, en última instancia, darnos cuenta de los obstáculos que limitan nuestra relación con los demás. En este libro, el autor desarrolla más de cien ejercicios, que bien entendidos y aplicados con certeza serán una valiosa ayuda en la tarea de todo aquel que trabaje con grupos humanos : profesores, actores, terapeutas, orientadores, etc. Mucho se escribe y se habla de Terapia Gestáltica ; se insiste en ser Gestáltico y en vivir aquí y ahora, sin embargo, poco se sabe de que todas estas expresiones verbales y literarias pueden transformarse en una experiencia vital, sin necesidad de recurrir a la ayuda de expertos. Es posible descubrir muchísimo más de uno mismo, si con honestidad y persistencia se lee un libro como éste. | ||
| 650 | 1 | 4 |
_aGestalt (psicologia) _2LEMB |
| 650 | 1 | 4 |
_aPsicología de la forma _2LEMB |
| 700 | 1 | 4 |
_aBruggendieck, Martín _etraducción |
| 942 |
_2ddc _cBK |
||
| 999 |
_c10763 _d10763 |
||